[Event "CZE-chT2F 1415"]
[Site "Czech Republic"]
[Date "2015.02.22"]
[Round "8.42"]
[White "Parak, Dominik"]
[Black "Beil, Zdenek"]
[Result "0-1"]
[WhiteElo "2076"]
[BlackElo "2195"]
[PlyCount "120"]
[EventDate "2014.11.02"]
[EventType "team-tourn"]
[EventRounds "11"]
[EventCountry "CZE"]
[SourceTitle "EXT 2022"]
[Source "ChessBase"]
[SourceDate "2021.10.06"]
[SourceVersion "1"]
[SourceVersionDate "2021.10.06"]
[SourceQuality "1"]
[WhiteTeam "Vsetin"]
[BlackTeam "Litovel Tatran II"]
[WhiteTeamCountry "CZE"]
[BlackTeamCountry "CZE"]

1. e4 c5 2. Nf3 a6 3. c4 Nc6 4. d4 cxd4 5. Nxd4 Nf6 6. Nc3 e5 7. Nc2 h6 8. Be2 Bc5 9. Be3 d6 10. 0-0 0-0 11. Qd2 Be6 12. Rfd1 Qb8 13. Rab1 b5 14. b4 Bxe3 15. Nxe3 Nd4 16. Ned5 Bxd5 17. cxd5 Nxe2+ 18. Qxe2 Rc8 19. Qe3 Rc4 20. f3 Nd7 21. Ne2 a5 22. a3 axb4 23. Rxb4 Rxb4 24. axb4 Nb6 25. f4 Nc4 26. Qf2 Ra2 27. fxe5 Nxe5 28. Qe3 Ng4 29. Qd3 Qa7+ 30. Qd4 Qxd4+ 31. Nxd4 Ne3 32. Rc1 Rxg2+ 33. Kh1 Rg4 34. Re1 Nxd5 35. Nxb5 Nxb4 36. Nxd6 Nd3 37. Rf1 f6 38. Rf3 Ne5 39. Rg3 Kf8 40. Kg2 g6 41. Rxg4 Nxg4 42. Kg3 h5 43. h3 Ne5 44. Nb5 Ke7 45. Nc7 g5 46. h4 Ng6 47. hxg5 fxg5 48. Kf3 g4+ 49. Ke3 Kf6 50. Ne8+ Kg5 51. Nd6 Ne5 52. Nf5 h4 53. Kf2 Ng6 54. Ke3 g3 55. Kf3 Ne5+ 56. Kg2 Kg4 57. Ne3+ Kf4 58. Nf1 Ng4 59. Nd2 Nf2 60. Nf1 h3+ 0-1

[Event "CZE-chT2F 1415"]
[Site "Czech Republic"]
[Date "2015.01.25"]
[Round "6.51"]
[White "Beil, Zdenek"]
[Black "Rabatin, Jakub"]
[Result "1-0"]
[WhiteElo "2195"]
[BlackElo "2231"]
[PlyCount "75"]
[EventDate "2014.11.02"]
[EventType "team-tourn"]
[EventRounds "11"]
[EventCountry "CZE"]
[SourceTitle "EXT 2022"]
[Source "ChessBase"]
[SourceDate "2021.10.06"]
[SourceVersion "1"]
[SourceVersionDate "2021.10.06"]
[SourceQuality "1"]
[WhiteTeam "Litovel Tatran II"]
[BlackTeam "Ostrava TJ Nova Hut"]
[WhiteTeamCountry "CZE"]
[BlackTeamCountry "CZE"]

1. d4 Nf6 2. Nf3 g6 3. c4 Bg7 4. g3 0-0 5. Bg2 d6 6. 0-0 Nc6 7. Nc3 a6 8. Bf4 Bd7 9. Rc1 Rb8 10. Qd2 b5 11. b3 Na5 12. Nd5 Nxd5 13. cxd5 b4 14. Bh6 Rb5 15. Bxg7 Kxg7 16. e4 e6 17. dxe6 fxe6 18. Rc2 Nb7 19. Rfc1 c6 20. e5 d5 21. Ne1 Qe7 22. Nd3 Ra8 23. Bf1 Rb6 24. Nb2 Nd8 25. Na4 Rbb8 26. Nc5 Bc8 27. a3 bxa3 28. Ra1 Rb6 29. Rxa3 Rab8 30. Rca2 Nf7 31. f4 g5 32. Bxa6 gxf4 33. Bxc8 Nxe5 34. Ra7 Nf3+ 35. Kg2 Nxd2 36. Rxe7+ Kf8 37. Raa7 f3+ 38. Kg1 1-0

[Event "CZE-chT2F 1415"]
[Site "Czech Republic"]
[Date "2014.12.14"]
[Round "4.62"]
[White "Sikorova, Olga"]
[Black "Beil, Zdenek"]
[Result "0-1"]
[WhiteElo "2282"]
[BlackElo "2195"]
[PlyCount "78"]
[EventDate "2014.11.02"]
[EventType "team-tourn"]
[EventRounds "11"]
[EventCountry "CZE"]
[SourceTitle "EXT 2022"]
[Source "ChessBase"]
[SourceDate "2021.10.06"]
[SourceVersion "1"]
[SourceVersionDate "2021.10.06"]
[SourceQuality "1"]
[WhiteTeam "Trinec II"]
[BlackTeam "Litovel Tatran II"]
[WhiteTeamCountry "CZE"]
[BlackTeamCountry "CZE"]

1. c4 Nf6 2. Nc3 c5 3. g3 d5 4. cxd5 Nxd5 5. Bg2 Nc7 6. Nf3 Nc6 7. b3 e5 8. Bb2 f6 9. 0-0 Be7 10. Rc1 0-0 11. Na4 b6 12. d3 Be6 13. Qc2 Rc8 14. a3 Nd5 15. e3 Qd7 16. Rfd1 Rfd8 17. Qb1 Na5 18. Nc3 Nxb3 19. Rc2 Nxc3 20. Bxc3 e4 21. Ne1 f5 22. f3 exd3 23. Rxd3 Qa4 24. Qb2 Bf8 25. e4 c4 26. Rxd8 Rxd8 27. Qb1 Qxa3 28. f4 Qc5+ 29. Kh1 Qe3 30. Nf3 fxe4 31. Ng5 Bf5 32. Be1 b5 33. Rc3 Rd3 34. Rxd3 Qxd3 35. Qb2 Qd1 36. Qc3 Bc5 37. Bxe4 Bxe4+ 38. Nxe4 Bd4 39. Qb4 Qf3# 0-1

[Event "CZE-chT1E 1314"]
[Site "Czech Republic"]
[Date "2013.10.20"]
[Round "1.5"]
[White "Beil, Zdenek"]
[Black "Koutny, Petr"]
[Result "1/2-1/2"]
[WhiteElo "2232"]
[BlackElo "2172"]
[PlyCount "64"]
[EventDate "2013.10.20"]
[EventType "team-tourn"]
[EventRounds "11"]
[EventCountry "CZE"]
[SourceTitle "EXT 2014"]
[Source "ChessBase"]
[SourceDate "2013.11.20"]
[SourceVersion "1"]
[SourceVersionDate "2013.11.20"]
[SourceQuality "1"]
[WhiteTeam "Litovel II"]
[BlackTeam "Zlin"]
[WhiteTeamCountry "CZE"]
[BlackTeamCountry "CZE"]

1. d4 Nf6 2. Nf3 g6 3. c4 Bg7 4. g3 0-0 5. Bg2 d5 6. cxd5 Nxd5 7. 0-0 Nb6 8. Nc3 Nc6 9. d5 Na5 10. e4 c6 11. Bf4 cxd5 12. exd5 Nac4 13. Qe2 Nxb2 14. Rac1 N2c4 15. Nb5 Nd6 16. Nc7 Rb8 17. Rfe1 Bd7 18. Qxe7 Qxe7 19. Rxe7 Nf5 20. Ree1 Rbc8 21. g4 Bh6 22. Bxh6 Nxh6 23. h3 f5 24. Ne5 fxg4 25. d6 Rcd8 26. hxg4 Nf7 27. Nxd7 Rxd7 28. Bxb7 Nd8 29. Bd5+ Nxd5 30. Nxd5 Rxd6 31. Red1 Kg7 32. Ne3 Rxd1+ 1/2-1/2

[Event "CZE-chT1E 1213"]
[Site "Czech Republic"]
[Date "2013.02.10"]
[Round "7.5"]
[White "Pokrupa, Marek"]
[Black "Beil, Zdenek"]
[Result "1-0"]
[WhiteElo "2210"]
[BlackElo "2253"]
[PlyCount "85"]
[EventDate "2012.10.21"]
[EventType "team-tourn"]
[EventRounds "11"]
[EventCountry "CZE"]
[SourceTitle "EXT 2014"]
[Source "ChessBase"]
[SourceDate "2013.11.20"]
[SourceVersion "1"]
[SourceVersionDate "2013.11.20"]
[SourceQuality "1"]
[WhiteTeam "Jihlava"]
[BlackTeam "Litovel II"]
[WhiteTeamCountry "CZE"]
[BlackTeamCountry "CZE"]

1. Nf3 d5 2. c4 c6 3. g3 Nf6 4. Bg2 e6 5. b3 Be7 6. 0-0 0-0 7. d4 b6 8. Qc2 Bb7 9. Rd1 Nbd7 10. Nc3 Rc8 11. e4 c5 12. exd5 exd5 13. Bb2 g6 14. dxc5 dxc4 15. b4 bxc5 16. b5 Qc7 17. a4 Rfd8 18. Qe2 Nf8 19. Qxc4 Ne6 20. Rxd8+ Rxd8 21. Rd1 Bf8 22. Rxd8 Qxd8 23. Ne5 Bxg2 24. Kxg2 Qd2 25. Qe2 Qg5 26. Ne4 Nxe4 27. Qxe4 Qd2 28. Nc4 Qd7 29. Ne5 Qd2 30. Nc4 Qd7 31. h4 h5 32. Ne5 Qd2 33. Nc4 Qd7 34. Ne5 Qd2 35. Qf3 f5 36. Qb3 Qd6 37. Nxg6 Bh6 38. Be5 Qd7 39. Bf4 Bg7 40. Be5 Kh7 41. Nf4 Nd4 42. Bxd4 cxd4 43. Qf3 1-0

[Event "CZE-chT2D 1213"]
[Site "Czech Republic"]
[Date "2013.01.06"]
[Round "6.3"]
[White "Kourek, Josef"]
[Black "Beil, Zdenek"]
[Result "1/2-1/2"]
[WhiteElo "2133"]
[BlackElo "2253"]
[PlyCount "67"]
[EventDate "2012.10.14"]
[EventType "team-tourn"]
[EventRounds "11"]
[EventCountry "CZE"]
[SourceTitle "EXT 2016"]
[Source "ChessBase"]
[SourceDate "2015.10.08"]
[SourceVersion "1"]
[SourceVersionDate "2015.10.08"]
[SourceQuality "1"]
[WhiteTeam "Polabiny III"]
[BlackTeam "Olomouc Garde"]
[WhiteTeamCountry "CZE"]
[BlackTeamCountry "CZE"]

1. d4 d5 2. Nf3 c6 3. g3 Bf5 4. Bg2 e6 5. c4 h6 6. Nc3 Nf6 7. Bf4 Nbd7 8. c5 Ne4 9. Ne5 g5 10. Nxe4 gxf4 11. Nd6+ Bxd6 12. cxd6 f6 13. e4 Nxe5 14. exf5 Nf7 15. fxe6 Nxd6 16. 0-0 Qe7 17. Qh5+ Kd8 18. Rfe1 Kc7 19. Rac1 fxg3 20. fxg3 Kb8 21. Qh4 a6 22. Rf1 Ne8 23. Rfe1 Ka7 24. a3 Nd6 25. b4 Rae8 26. a4 f5 27. Qf4 Ne4 28. b5 Qxe6 29. bxc6 Rc8 30. cxb7 Kxb7 31. Rb1+ Ka7 32. Bh3 Rhf8 33. Rb2 Qf6 34. Qe5 1/2-1/2

[Event "CZE-chT2F 1112"]
[Site "Czech Republic"]
[Date "2012.03.25"]
[Round "10.32"]
[White "Olsarova, Tereza"]
[Black "Beil, Zdenek"]
[Result "1-0"]
[WhiteElo "2244"]
[BlackElo "2256"]
[PlyCount "61"]
[EventDate "2011.10.09"]
[EventType "team-tourn"]
[EventRounds "11"]
[EventCountry "CZE"]
[SourceTitle "EXT 2013"]
[Source "ChessBase"]
[SourceDate "2012.11.22"]
[SourceVersion "1"]
[SourceVersionDate "2012.11.22"]
[SourceQuality "1"]
[WhiteTeam "Opava KVS"]
[BlackTeam "Olomouc"]
[WhiteTeamCountry "CZE"]
[BlackTeamCountry "CZE"]

1. e4 d6 2. d4 Nf6 3. Nc3 g6 4. Be3 c6 5. h3 b5 6. e5 Nfd7 7. exd6 exd6 8. d5 b4 9. Ne4 c5 10. Bg5 f6 11. Qe2 Kf7 12. Bf4 Nb6 13. 0-0-0 Na6 14. Qf3 Nc7 15. Qg3 Ne8 16. Bb5 Bf5 17. f3 Bxe4 18. fxe4 Be7 19. Nf3 Ng7 20. Qf2 Rf8 21. g4 Kg8 22. h4 Nd7 23. Bxd7 Qxd7 24. Qg3 Rac8 25. Kb1 a5 26. Bh6 Rf7 27. h5 Bf8 28. hxg6 hxg6 29. Nh4 g5 30. Ng6 Qe8 31. Bxg5 1-0

[Event "CZE-chT2F 1112"]
[Site "Czech Republic"]
[Date "2011.11.20"]
[Round "3.11"]
[White "Beil, Zdenek"]
[Black "Kawulok, Marek"]
[Result "1-0"]
[WhiteElo "2256"]
[BlackElo "1986"]
[PlyCount "105"]
[EventDate "2011.10.09"]
[EventType "team-tourn"]
[EventRounds "11"]
[EventCountry "CZE"]
[SourceTitle "EXT 2013"]
[Source "ChessBase"]
[SourceDate "2012.11.22"]
[SourceVersion "1"]
[SourceVersionDate "2012.11.22"]
[SourceQuality "1"]
[WhiteTeam "Olomouc"]
[BlackTeam "Havirov II"]
[WhiteTeamCountry "CZE"]
[BlackTeamCountry "CZE"]

1. d4 Nf6 2. Nf3 g6 3. c4 Bg7 4. g3 d6 5. Bg2 0-0 6. 0-0 c6 7. Nc3 Qa5 8. h3 Be6 9. d5 cxd5 10. Nd4 Bd7 11. cxd5 Rc8 12. Be3 Be8 13. Nb3 Qd8 14. Bd4 Nbd7 15. e4 Ne5 16. Qe2 Nc4 17. a4 Nd7 18. Rfd1 Bxd4 19. Nxd4 Qb6 20. Ra2 Na5 21. Bf1 Nb3 22. Nxb3 Qxb3 23. Ra3 Qb4 24. Qb5 Qxb5 25. Bxb5 Kf8 26. Be2 Rc7 27. a5 Rac8 28. Rd4 Nc5 29. f3 Bd7 30. Kf2 Ke8 31. h4 Kf8 32. Ke3 Kg7 33. Bb5 a6 34. Bf1 h6 35. Kd2 Be8 36. Be2 Kf6 37. f4 Nd7 38. Rb3 Nc5 39. Ra3 Nd7 40. Bg4 Rc4 41. Ke3 Rxd4 42. Kxd4 Rc7 43. e5+ dxe5+ 44. fxe5+ Nxe5 45. Ne4+ Kg7 46. Kxe5 f5 47. Bxf5 gxf5 48. Rc3 Rxc3 49. Nxc3 Bd7 50. Ne2 Bc8 51. h5 Bd7 52. Nd4 Bc8 53. Nxf5+ 1-0